Statystyki dla Pięć największych państw pod względem długości geograficznej

Kliknij tutaj aby rozwiązać quiz!

Ogólne statystyki

  • Ten quiz został rozwiązany 4 214 razy
  • Średni wynik to 20 z 34

Statystyki odpowiedzi

LongitudesCountry% Poprawnych
30°E, 60°E, 90°E, 120°E, 150°E, 180°Rosja
99%
150°W, 120°W, 90°WStany Zjednoczone
99%
120°W, 90°W, 60°WKanada
98%
90°E, 120°EChiny
97%
60°WBrazylia
94%
120°E, 150°EAustralia
88%
90°EIndie
87%
90°WMeksyk
84%
60°WArgentyna
83%
60°EKazachstan
77%
30°ERepublika
Południowej Afryki
75%
Algieria
73%
120°EIndonezja
73%
Francja
72%
90°EMongolia
72%
60°EIran
63%
30°EEgipt
61%
Hiszpania
61%
30°ESudan
55%
30°EDemokratyczna
Republika Konga
54%
0Mali
49%
60°WWenezuela
48%
60°WBoliwia
46%
120°EFilipiny
38%
60°EUzbekistan
35%
60°ETurkmenistan
32%
180°Kiribati
30%
150°EPapua Nowa
Gwinea
30%
150°EMikronezja
26%
180°Fidżi
24%
90°WGwatemala
23%
90°EBangladesz
20%
Burkina Faso
20%
90°WSalwador
18%

Rozkład punktacji

Percentyl według liczby udzielonych odpowiedzi

Procent ludzi z każdym wynikiem

Twoja historia wyników

Nie rozwiązałeś tego quizu